[Event "Olympiad-41"]
[Site "Tromsoe"]
[Date "2014.08.05"]
[Round "4.3"]
[White "Mellace, Andrew"]
[Black "Denny, Kevin"]
[Result "1-0"]
[WhiteElo "2087"]
[BlackElo "2261"]
[PlyCount "62"]
[EventDate "2014.08.02"]
[EventType "team-swiss"]
[EventRounds "11"]
[EventCountry "NOR"]
[SourceTitle "CBM 162"]
[Source "ChessBase"]
[SourceDate "2014.09.17"]
[SourceVersion "1"]
[SourceVersionDate "2014.09.17"]
[SourceQuality "1"]
[WhiteTeam "Jamaica"]
[BlackTeam "Barbados"]
[WhiteTeamCountry "JAM"]
[BlackTeamCountry "BAR"]

1. e4 e5 2. Nf3 Nc6 3. Bc4 Nf6 4. Ng5 d5 5. exd5 Na5 6. Bb5+ c6 7. dxc6 bxc6 8. Qf3 Be7 9. Bd3 0-0 10. Nc3 h6 11. h4 Rb8 12. b3 Nd5 13. Bh7+ Kh8 14. Bf5 Bxg5 15. hxg5 Qxg5 16. Bxc8 Rfxc8 17. Nxd5 cxd5 18. d3 Qg6 19. Qxd5 Rxc2 20. Qxe5 Kh7 21. Qxb8 Qxd3 22. Qe5 Nc6 23. Qe3 Nb4 24. Bd2 Qb5 25. Qe4+ f5 26. Qxb4 Qe5+ 27. Kd1 Qxa1+ 28. Kxc2 Qxh1 29. Qb7 Qf1 30. Qf3 Qb5 31. Bc3 Qd7 1-0

[Event "Bridgetown Heroes Day"]
[Site "Bridgetown"]
[Date "2014.04.29"]
[Round "7"]
[White "Denny, Kevin"]
[Black "Harper, Ryan"]
[Result "1-0"]
[WhiteElo "2295"]
[BlackElo "2293"]
[PlyCount "79"]
[EventDate "2014.04.26"]
[EventType "tourn"]
[EventRounds "10"]
[EventCountry "BAR"]
[EventCategory "3"]
[SourceTitle "CBM 160 Extra"]
[Source "ChessBase"]
[SourceDate "2014.07.01"]
[SourceVersion "1"]
[SourceVersionDate "2014.07.01"]
[SourceQuality "1"]

1. e4 e5 2. Nf3 Nc6 3. Bb5 Nf6 4. 0-0 Bc5 5. Nxe5 0-0 6. Bxc6 bxc6 7. d4 Bd6 8. Nc3 Qe7 9. f4 c5 10. Be3 cxd4 11. Qxd4 c5 12. Qd3 Bxe5 13. fxe5 Qxe5 14. Rf5 Qe6 15. Bxc5 d6 16. Bd4 Nxe4 17. Rf4 Nc5 18. Qg3 Qg6 19. Qxg6 hxg6 20. Rf2 Be6 21. Rd1 Rab8 22. b3 Rfc8 23. h3 Rb7 24. Rfd2 f5 25. Bxc5 dxc5 26. Rd6 Rb6 27. Rxb6 axb6 28. Rd6 Kf7 29. Kf2 c4 30. b4 Ra8 31. a4 b5 32. a5 Ke7 33. Rb6 Rd8 34. Ke2 Bd7 35. Nd5+ Kf7 36. a6 Be8 37. Nc7 Rc8 38. a7 Rxc7 39. a8Q Re7+ 40. Kf2 1-0

[Event "Bridgetown Heroes Day"]
[Site "Bridgetown"]
[Date "2014.04.28"]
[Round "5"]
[White "Denny, Kevin"]
[Black "Farley, Terry"]
[Result "0-1"]
[WhiteElo "2295"]
[BlackElo "2213"]
[PlyCount "124"]
[EventDate "2014.04.26"]
[EventType "tourn"]
[EventRounds "10"]
[EventCountry "BAR"]
[EventCategory "3"]
[SourceTitle "CBM 160 Extra"]
[Source "ChessBase"]
[SourceDate "2014.07.01"]
[SourceVersion "1"]
[SourceVersionDate "2014.07.01"]
[SourceQuality "1"]

1. e4 c5 2. Nf3 d6 3. Bb5+ Bd7 4. Bxd7+ Qxd7 5. 0-0 Nc6 6. c3 Nf6 7. Re1 g6 8. d4 cxd4 9. cxd4 Bg7 10. Nc3 0-0 11. h3 Qd8 12. Be3 Nd7 13. Qd2 Re8 14. Nd5 Rc8 15. Bh6 Bh8 16. Bg5 Nf8 17. Rad1 Ne6 18. e5 Nc7 19. Nxc7 Qxc7 20. Bf4 dxe5 21. dxe5 Red8 22. Qe3 Rxd1 23. Rxd1 Rd8 24. Rxd8+ Qxd8 25. e6 f5 26. b3 Qd5 27. Kh2 b6 28. h4 Bf6 29. Bc7 Kg7 30. h5 Nd4 31. h6+ Kf8 32. Nxd4 Qxd4 33. Qxd4 Bxd4 34. Kg1 Bc5 35. Bb8 b5 36. a4 bxa4 37. bxa4 Ke8 38. Bc7 Bd6 39. Ba5 Bf4 40. Bc3 Kd8 41. Bd4 a6 42. Bb6+ Kc8 43. Bc5 Bg5 44. Kf1 Kc7 45. Ke2 Kc6 46. Bb4 Kd5 47. f4 Bxh6 48. Bxe7 Kxe6 49. Bb4 Bxf4 50. Kd3 Kd5 51. Be7 g5 52. Bf8 g4 53. Be7 h5 54. Bd8 Bg3 55. Be7 h4 56. Ke2 Ke4 57. Kf1 f4 58. a5 f3 59. gxf3+ Kxf3 60. Kg1 h3 61. Bd8 Bf2+ 62. Kh1 g3 0-1

[Event "Bridgetown Heroes Day"]
[Site "Bridgetown"]
[Date "2014.04.28"]
[Round "4"]
[White "L'Ami, Alina"]
[Black "Denny, Kevin"]
[Result "1-0"]
[WhiteElo "2415"]
[BlackElo "2295"]
[PlyCount "103"]
[EventDate "2014.04.26"]
[EventType "tourn"]
[EventRounds "10"]
[EventCountry "BAR"]
[EventCategory "3"]
[SourceTitle "CBM 160 Extra"]
[Source "ChessBase"]
[SourceDate "2014.07.01"]
[SourceVersion "1"]
[SourceVersionDate "2014.07.01"]
[SourceQuality "1"]

1. d4 Nf6 2. c4 g6 3. Nc3 Bg7 4. e4 d6 5. h3 0-0 6. Bg5 Na6 7. Bd3 e5 8. d5 c6 9. Nge2 cxd5 10. cxd5 Nc5 11. Bc2 a5 12. 0-0 Bd7 13. a3 a4 14. Qd2 Qe7 15. Ng3 Rfc8 16. Rae1 b5 17. h4 Rab8 18. Na2 Qf8 19. f3 h6 20. Be3 Kh7 21. Nb4 h5 22. f4 Ng4 23. f5 Qd8 24. Bg5 Qb6 25. Kh1 Be8 26. Bd1 Nb3 27. Bxb3 axb3 28. Rf3 Rc4 29. Ref1 Rbc8 30. Rxb3 Rd4 31. Qe2 Bh6 32. Rbf3 Bxg5 33. hxg5 Qd8 34. f6 Rdc4 35. b3 Rc3 36. Qd2 R3c5 37. Ne2 Qa5 38. Rh3 Qxa3 39. Nc6 b4 40. Ne7 R8c7 41. Ng3 Rc1 42. Qe2 Rxf1+ 43. Nxf1 Qc1 44. Qxg4 Qxf1+ 45. Kh2 Qf4+ 46. Qxf4 exf4 47. Kg1 Rc1+ 48. Kf2 Bb5 49. g4 fxg3+ 50. Rxg3 Rd1 51. Nc8 h4 52. Rh3 1-0

[Event "Hastings Heroes Day"]
[Site "Hastings"]
[Date "2013.04.30"]
[Round "8"]
[White "Denny, Kevin"]
[Black "Amanov, Mesgen"]
[Result "1-0"]
[WhiteElo "2290"]
[BlackElo "2510"]
[PlyCount "113"]
[EventDate "2013.04.27"]
[EventType "tourn"]
[EventRounds "10"]
[EventCountry "BAR"]
[EventCategory "2"]
[SourceTitle "EXT 2014"]
[Source "ChessBase"]
[SourceDate "2013.11.20"]
[SourceVersion "1"]
[SourceVersionDate "2013.11.20"]
[SourceQuality "1"]

1. e4 c5 2. c3 d6 3. d4 Nf6 4. Bd3 g6 5. Nf3 Bg7 6. dxc5 dxc5 7. e5 Ng4 8. Bb5+ Bd7 9. e6 fxe6 10. Ng5 Bxb5 11. Qxg4 Bd7 12. Nxh7 Kf7 13. Ng5+ Kg8 14. Qe4 Nc6 15. Nxe6 Bxe6 16. Qxe6+ Kh7 17. Qh3+ Kg8 18. Qe6+ Kh7 19. Nd2 Qd6 20. Qe4 Raf8 21. Nc4 Qf6 22. Be3 b5 23. Nd2 b4 24. 0-0 bxc3 25. bxc3 Ne5 26. Bxc5 Kg8 27. Bd4 Qd6 28. h3 Rh5 29. Rad1 Rhf5 30. Nc4 Qc6 31. Qxc6 Nxc6 32. Bxg7 Kxg7 33. Ne3 Rc5 34. c4 Ne5 35. Rd4 Ra5 36. Rd5 Nxc4 37. Rxa5 Nxa5 38. Rc1 e6 39. Rc7+ Rf7 40. Rxf7+ Kxf7 41. Kf1 Nc6 42. Ke2 Kf6 43. a3 Ke5 44. Kd3 g5 45. Kc4 Kd6 46. Ng4 a6 47. Nf6 Ne5+ 48. Kc3 Nf7 49. Kb4 Ke5 50. Ng4+ Kd4 51. Ka5 Kc4 52. Kxa6 Nd6 53. Kb6 Kb3 54. Kc6 Nf5 55. Kd7 Nh4 56. Ne3 e5 57. Ke6 1-0

[Event "Hastings Heroes Day"]
[Site "Hastings"]
[Date "2013.04.29"]
[Round "6"]
[White "Denny, Kevin"]
[Black "Matthews, Shane"]
[Result "0-1"]
[WhiteElo "2290"]
[BlackElo "2206"]
[PlyCount "204"]
[EventDate "2013.04.27"]
[EventType "tourn"]
[EventRounds "10"]
[EventCountry "BAR"]
[EventCategory "2"]
[SourceTitle "EXT 2014"]
[Source "ChessBase"]
[SourceDate "2013.11.20"]
[SourceVersion "1"]
[SourceVersionDate "2013.11.20"]
[SourceQuality "1"]

1. e4 c5 2. c3 d6 3. d4 Nf6 4. Bd3 g6 5. dxc5 dxc5 6. e5 Nh5 7. Bb5+ Bd7 8. e6 fxe6 9. Qe2 Nc6 10. Nf3 Qb6 11. 0-0 Bg7 12. Na3 0-0 13. Ng5 Rf5 14. f4 Bd4+ 15. Be3 Raf8 16. cxd4 cxd4 17. Bd2 d3+ 18. Qe3 Rxb5 19. Nxb5 Qxb5 20. Nxe6 Rf6 21. Nd4 Qxb2 22. Nxc6 Bxc6 23. Qxd3 Nxf4 24. Qb3+ Qxb3 25. axb3 Ne2+ 26. Kh1 a6 27. Bg5 Rxf1+ 28. Rxf1 Nd4 29. Bxe7 Nxb3 30. Bg5 h5 31. Rf6 Kg7 32. Re6 a5 33. Re7+ Kf8 34. Re6 Kf7 35. Re7+ Kf8 36. Re6 Kf7 37. Re7+ Kg8 38. Re3 a4 39. Be7 Kf7 40. Bb4 Nd4 41. Re7+ Kf6 42. Re1 Nc2 43. Bc3+ Kf5 44. Re5+ Kf4 45. Kg1 Ne3 46. Re6 Nxg2 47. Rxg6 Nh4 48. Rf6+ Ke3 49. Kf1 Nf3 50. h3 Kd3 51. Bb4 Kc4 52. Bf8 Kb3 53. Rf5 a3 54. Bxa3 Kxa3 55. Rxh5 b5 56. Rc5 Nd4 57. Kf2 Kb4 58. Rc1 Be8 59. Ke3 Nb3 60. Rc8 Bd7 61. Rh8 Kc3 62. h4 b4 63. Rd8 Bf5 64. Kf4 Bd3 65. h5 Nd4 66. Rb8 b3 67. h6 b2 68. Kg5 b1Q 69. Rxb1 Bxb1 70. Kf6 Kc4 71. Kg7 Ne6+ 72. Kf7 Ng5+ 73. Kf6 Nh7+ 74. Ke5 Bc2 75. Ke6 Kd4 76. Kf7 Ke5 77. Kg7 Kf4 78. Kh8 Kg5 79. Kg7 Bb1 80. Kg8 Kxh6 81. Kh8 Kg6 82. Kg8 Kf6 83. Kh8 Ng5 84. Kg8 Nf7 85. Kf8 Bh7 86. Ke8 Ne5 87. Kd8 Ke6 88. Kc7 Nd7 89. Kc6 Bd3 90. Kc7 Be4 91. Kd8 Kd6 92. Kc8 Nc5 93. Kd8 Bg6 94. Kc8 Bf7 95. Kd8 Nb7+ 96. Kc8 Kc6 97. Kb8 Kb6 98. Ka8 Nc5 99. Kb8 Be6 100. Ka8 Bd7 101. Kb8 Na6+ 102. Ka8 Bc6# 0-1

[Event "Hastings Heroes Day"]
[Site "Hastings"]
[Date "2013.04.27"]
[Round "2"]
[White "Denny, Kevin"]
[Black "Harper, Ryan"]
[Result "1-0"]
[WhiteElo "2290"]
[BlackElo "2244"]
[PlyCount "111"]
[EventDate "2013.04.27"]
[EventType "tourn"]
[EventRounds "10"]
[EventCountry "BAR"]
[EventCategory "2"]
[SourceTitle "EXT 2014"]
[Source "ChessBase"]
[SourceDate "2013.11.20"]
[SourceVersion "1"]
[SourceVersionDate "2013.11.20"]
[SourceQuality "1"]

1. e4 e5 2. Nf3 Nc6 3. Bb5 a6 4. Ba4 Nf6 5. 0-0 b5 6. Bb3 Be7 7. d3 d6 8. a4 Rb8 9. axb5 axb5 10. h3 h6 11. Nc3 g5 12. Nd5 g4 13. hxg4 Bxg4 14. c3 Qd7 15. Ne3 Rg8 16. Nxg4 Qxg4 17. Ne1 Qh4 18. Qf3 Nd8 19. Qf5 h5 20. Ra7 c6 21. f4 Qg3 22. d4 Rb7 23. Rxb7 Nxb7 24. fxe5 dxe5 25. Qxe5 Qxe5 26. Bxf7+ Kd8 27. dxe5 Bc5+ 28. Kh2 Ng4+ 29. Kh3 Rg7 30. Nd3 Nf2+ 31. Nxf2 Rxf7 32. Bg5+ Ke8 33. Bf6 Bxf2 34. Rxf2 Nc5 35. Rd2 Rc7 36. Rd4 Kf7 37. Kh4 Ne6 38. Rd3 Nc5 39. Re3 Ke6 40. Kxh5 Nxe4 41. Kg6 Nf2 42. Re2 Nd3 43. g3 c5 44. b3 c4 45. b4 Ra7 46. Kh6 Ra1 47. g4 Kf7 48. Kg5 Ke6 49. Re4 Rg1 50. Rd4 Re1 51. Rd6+ Kf7 52. Rd7+ Ke6 53. Rb7 Nf2 54. Rb6+ Kf7 55. Kf5 Ne4 56. e6+ 1-0

[Event "Olympiad-40"]
[Site "Istanbul"]
[Date "2012.09.09"]
[Round "11.2"]
[White "Simonet Pons, Marc"]
[Black "Denny, Kevin"]
[Result "1/2-1/2"]
[WhiteElo "2291"]
[BlackElo "2304"]
[PlyCount "97"]
[EventDate "2012.08.28"]
[EventType "team-swiss"]
[EventRounds "11"]
[EventCountry "TUR"]
[SourceTitle "CBM 151"]
[Source "ChessBase"]
[SourceDate "2012.11.13"]
[SourceVersion "1"]
[SourceVersionDate "2012.11.13"]
[SourceQuality "1"]
[WhiteTeam "Andorra"]
[BlackTeam "Barbados"]
[WhiteTeamCountry "AND"]
[BlackTeamCountry "BAR"]

1. d4 Nf6 2. c4 g6 3. Nc3 Bg7 4. e4 d6 5. Nf3 0-0 6. h3 Na6 7. Bg5 h6 8. Be3 e5 9. d5 h5 10. Ng5 c6 11. Be2 Nh7 12. h4 Nf6 13. f3 cxd5 14. cxd5 Bd7 15. Qd2 Qa5 16. 0-0 Rfc8 17. Rfc1 Ne8 18. Rab1 Bh6 19. Kh2 Qd8 20. Bb5 Nac7 21. Bxd7 Qxd7 22. Ne2 Qa4 23. b3 Qd7 24. Rc4 Nb5 25. Rbc1 Rxc4 26. bxc4 Nbc7 27. c5 dxc5 28. Rxc5 Rd8 29. Nh3 Bxe3 30. Qxe3 Kg7 31. f4 Nf6 32. Qc3 Ng4+ 33. Kg3 Nb5 34. Qb2 Nd6 35. Ng5 Qe7 36. fxe5 Nf5+ 37. exf5 Qxc5 38. Nd4 Qxd5 39. Ndf3 Qc6 40. f6+ Kg8 41. Qa3 Qc7 42. Nxf7 Qxf7 43. Ng5 Nxe5 44. Nxf7 Rd3+ 45. Qxd3 Nxd3 46. Nd6 b6 47. Kf3 Ne5+ 48. Ke4 Ng4 49. Kf4 1/2-1/2

[Event "Olympiad-40"]
[Site "Istanbul"]
[Date "2012.09.01"]
[Round "5.2"]
[White "Denny, Kevin"]
[Black "Pitterson, Jomo"]
[Result "1-0"]
[WhiteElo "2304"]
[BlackElo "2221"]
[PlyCount "73"]
[EventDate "2012.08.28"]
[EventType "team-swiss"]
[EventRounds "11"]
[EventCountry "TUR"]
[SourceTitle "CBM 151"]
[Source "ChessBase"]
[SourceDate "2012.11.13"]
[SourceVersion "1"]
[SourceVersionDate "2012.11.13"]
[SourceQuality "1"]
[WhiteTeam "Barbados"]
[BlackTeam "Jamaica"]
[WhiteTeamCountry "BAR"]
[BlackTeamCountry "JAM"]

1. e4 e6 2. d4 d5 3. Nd2 Nc6 4. Ngf3 Nf6 5. e5 Nd7 6. c3 f6 7. Bb5 a6 8. Bxc6 bxc6 9. 0-0 c5 10. Qa4 Kf7 11. Re1 Rb8 12. Nf1 Be7 13. exf6 gxf6 14. Ng3 h5 15. Qc2 h4 16. Nf1 Bd6 17. h3 Qg8 18. Ne3 Qg6 19. Qe2 Nf8 20. Ng4 Bd7 21. dxc5 e5 22. cxd6 cxd6 23. Nfh2 Ne6 24. Qxa6 Ke7 25. b4 f5 26. Qd3 Bb5 27. Qxd5 fxg4 28. Nxg4 Rhc8 29. Rd1 Nc7 30. Bg5+ Qxg5 31. Qxd6+ Kf7 32. Nxe5+ Kg7 33. Rd4 Ne8 34. Qe6 Nf6 35. Qf7+ Kh6 36. Rxh4+ Nh5 37. Ng4+ 1-0

[Event "Olympiad-40"]
[Site "Istanbul"]
[Date "2012.08.28"]
[Round "1.2"]
[White "Mastrovasilis, Dimitrios"]
[Black "Denny, Kevin"]
[Result "1-0"]
[WhiteElo "2618"]
[BlackElo "2304"]
[PlyCount "83"]
[EventDate "2012.08.28"]
[EventType "team-swiss"]
[EventRounds "11"]
[EventCountry "TUR"]
[SourceTitle "CBM 151"]
[Source "ChessBase"]
[SourceDate "2012.11.13"]
[SourceVersion "1"]
[SourceVersionDate "2012.11.13"]
[SourceQuality "1"]
[WhiteTeam "Greece"]
[BlackTeam "Barbados"]
[WhiteTeamCountry "GRE"]
[BlackTeamCountry "BAR"]

1. e4 e5 2. Nf3 Nc6 3. Bb5 a6 4. Bxc6 dxc6 5. Nc3 f6 6. d4 exd4 7. Nxd4 c5 8. Nde2 Qxd1+ 9. Nxd1 Be6 10. Bf4 0-0-0 11. Ne3 Ne7 12. Rd1 Rxd1+ 13. Kxd1 g5 14. Bg3 f5 15. Be5 Rg8 16. exf5 Nxf5 17. Nxf5 Bxf5 18. Re1 Bh6 19. f3 g4 20. f4 Rd8+ 21. Kc1 Rd5 22. Bf6 Rd6 23. Bc3 Re6 24. g3 Kd7 25. Rd1+ Kc6 26. Rd2 Be4 27. Kd1 Bf8 28. Ke1 Rh6 29. Nc1 b5 30. Nd3 Bxd3 31. cxd3 Re6+ 32. Kf2 Kd5 33. h3 h5 34. Rd1 Bd6 35. hxg4 hxg4 36. Rh1 b4 37. Rh5+ Kc6 38. Bd2 Be7 39. Be3 Rg6 40. b3 Re6 41. Rh7 Kd5 42. f5 1-0

[Event "Bridgetown Heroes Day"]
[Site "Bridgetown"]
[Date "2012.04.28"]
[Round "4"]
[White "Del Castilho, Martyn Simon"]
[Black "Denny, Kevin"]
[Result "1/2-1/2"]
[WhiteElo "2218"]
[BlackElo "2303"]
[PlyCount "60"]
[EventDate "2012.04.27"]
[EventType "tourn"]
[EventRounds "10"]
[EventCountry "BAR"]
[EventCategory "2"]
[SourceTitle "CBM 148 Extra"]
[Source "ChessBase"]
[SourceDate "2012.06.22"]
[SourceVersion "1"]
[SourceVersionDate "2012.06.22"]
[SourceQuality "1"]

1. e4 e5 2. Nf3 Nc6 3. Bb5 a6 4. Ba4 Nf6 5. 0-0 Bc5 6. c3 0-0 7. d4 Bb6 8. Bg5 h6 9. Bh4 d6 10. Qd3 Ne7 11. Bxf6 gxf6 12. Nh4 Ng6 13. Nf5 Bxf5 14. exf5 Nf4 15. Qf3 Kh7 16. Kh1 c6 17. Nd2 Bc7 18. g3 Nd5 19. Ne4 Nb6 20. dxe5 dxe5 21. Bb3 Qe7 22. Qh5 Nd7 23. Rad1 Rad8 24. Rd3 Kg7 25. Qg4+ Kh7 26. Qh4 Kg7 27. Qg4+ Kh7 28. Rfd1 Nb6 29. Qh4 Kg7 30. Qg4+ Kh7 1/2-1/2

[Event "Bridgetown Heroes Day"]
[Site "Bridgetown"]
[Date "2012.04.27"]
[Round "2"]
[White "Joseph, Marcus"]
[Black "Denny, Kevin"]
[Result "1/2-1/2"]
[WhiteElo "2198"]
[BlackElo "2303"]
[PlyCount "33"]
[EventDate "2012.04.27"]
[EventType "tourn"]
[EventRounds "10"]
[EventCountry "BAR"]
[EventCategory "2"]
[SourceTitle "CBM 148 Extra"]
[Source "ChessBase"]
[SourceDate "2012.06.22"]
[SourceVersion "1"]
[SourceVersionDate "2012.06.22"]
[SourceQuality "1"]

1. e4 e5 2. Nf3 Nc6 3. Bb5 a6 4. Ba4 Nf6 5. Qe2 b5 6. Bb3 Be7 7. c3 d5 8. d4 exd4 9. e5 Ne4 10. cxd4 Bg4 11. Be3 Bb4+ 12. Kf1 0-0 13. h3 Be6 14. g3 f6 15. Kg2 Qd7 16. a4 Na5 17. Bc2 1/2-1/2

[Event "Umada Cup"]
[Site "Hastings"]
[Date "2011.11.12"]
[Round "8"]
[White "Denny, Kevin"]
[Black "Munro, Allan"]
[Result "1-0"]
[WhiteElo "2308"]
[BlackElo "2117"]
[PlyCount "51"]
[EventDate "2011.11.09"]
[EventType "tourn"]
[EventRounds "9"]
[EventCountry "BAR"]
[SourceTitle "EXT 2012"]
[Source "ChessBase"]
[SourceDate "2011.11.24"]
[SourceVersion "1"]
[SourceVersionDate "2011.11.24"]
[SourceQuality "1"]

1. e4 c5 2. Nf3 d6 3. Bb5+ Bd7 4. Bxd7+ Qxd7 5. 0-0 Nf6 6. Qe2 e6 7. Rd1 Nc6 8. d4 cxd4 9. Nxd4 Be7 10. c4 0-0 11. Nc3 a6 12. b3 Qc7 13. Bb2 Rad8 14. Nxc6 Qxc6 15. Rac1 Nd7 16. Nd5 Rfe8 17. Nxe7+ Rxe7 18. Qd2 Nc5 19. e5 Red7 20. Qg5 h6 21. Qh4 d5 22. cxd5 Rxd5 23. Qxd8+ Rxd8 24. Rxd8+ Kh7 25. Ba3 Qb6 26. Rd6 1-0

[Event "Umada Cup"]
[Site "Hastings"]
[Date "2011.11.11"]
[Round "5"]
[White "Denny, Kevin"]
[Black "Pooler, Russell"]
[Result "1-0"]
[WhiteElo "2308"]
[BlackElo "1818"]
[PlyCount "49"]
[EventDate "2011.11.09"]
[EventType "tourn"]
[EventRounds "9"]
[EventCountry "BAR"]
[SourceTitle "EXT 2012"]
[Source "ChessBase"]
[SourceDate "2011.11.24"]
[SourceVersion "1"]
[SourceVersionDate "2011.11.24"]
[SourceQuality "1"]

1. e4 c5 2. c3 Nf6 3. e5 Nd5 4. d4 cxd4 5. cxd4 d6 6. Bc4 Nb6 7. Bb5+ Nc6 8. Nf3 a6 9. Bxc6+ bxc6 10. Qe2 Qc7 11. 0-0 d5 12. Bf4 e6 13. Rc1 Bb7 14. Nbd2 a5 15. Ne1 Bb4 16. Nd3 Bxd2 17. Bxd2 0-0 18. Nc5 Rfc8 19. Qd3 Ra7 20. Qg3 Kh8 21. Qh4 Nd7 22. Nxd7 Qxd7 23. Rc3 Qd8 24. Bg5 Qg8 25. Rg3 1-0

[Event "Umada Cup"]
[Site "Hastings"]
[Date "2011.11.09"]
[Round "2"]
[White "Matoewi, Roger"]
[Black "Denny, Kevin"]
[Result "1/2-1/2"]
[WhiteElo "2153"]
[BlackElo "2308"]
[PlyCount "62"]
[EventDate "2011.11.09"]
[EventType "tourn"]
[EventRounds "9"]
[EventCountry "BAR"]
[SourceTitle "EXT 2012"]
[Source "ChessBase"]
[SourceDate "2011.11.24"]
[SourceVersion "1"]
[SourceVersionDate "2011.11.24"]
[SourceQuality "1"]

1. e4 e5 2. Bc4 Nf6 3. Qe2 Nc6 4. Nf3 Be7 5. d3 0-0 6. Nc3 d6 7. h3 Nd7 8. Nd5 Nb6 9. Bb3 Nxd5 10. Bxd5 Be6 11. Bxe6 fxe6 12. Bd2 Nd4 13. Nxd4 exd4 14. 0-0 e5 15. f4 exf4 16. Bxf4 Bg5 17. Qg4 Bxf4 18. Rxf4 Rxf4 19. Qxf4 Qe7 20. Rf1 Rf8 21. Qxf8+ Qxf8 22. Rxf8+ Kxf8 23. a4 Ke7 24. Kf2 Ke6 25. Kg3 c5 26. b3 b6 27. Kf3 a6 28. Kg3 b5 29. axb5 axb5 30. Kf3 Kf6 31. Kg4 Ke5 1/2-1/2

[Event "Olympiad-39"]
[Site "Khanty-Mansiysk"]
[Date "2010.09.24"]
[Round "4.1"]
[White "Harper, Ryan"]
[Black "Denny, Kevin"]
[Result "1/2-1/2"]
[WhiteElo "2233"]
[BlackElo "2316"]
[PlyCount "96"]
[EventDate "2010.09.21"]
[EventType "team-swiss"]
[EventRounds "11"]
[EventCountry "RUS"]
[SourceTitle "CBM 139"]
[Source "ChessBase"]
[SourceDate "2010.11.18"]
[SourceVersion "1"]
[SourceVersionDate "2010.11.18"]
[SourceQuality "1"]
[WhiteTeam "Trinidad and Tobago"]
[BlackTeam "Barbados"]
[WhiteTeamCountry "TRI"]
[BlackTeamCountry "BAR"]

1. e4 e5 2. Nf3 Nc6 3. Bc4 Nf6 4. d3 Be7 5. c3 0-0 6. Bb3 d6 7. h3 Na5 8. Bc2 c5 9. Nbd2 Nc6 10. Nf1 d5 11. Qe2 b5 12. g4 d4 13. Ng3 Be6 14. Nf5 Nd7 15. h4 c4 16. cxd4 Nxd4 17. N3xd4 exd4 18. Bd2 Ne5 19. f4 cxd3 20. Bxd3 Bxf5 21. gxf5 Bxh4+ 22. Kf1 Nxd3 23. Qxd3 Be7 24. Ke2 Re8 25. Qh3 d3+ 26. Kf3 Bc5 27. Qxh7+ Kf8 28. Qh8+ Ke7 29. Qxg7 Qd4 30. Qxd4 Bxd4 31. Bb4+ Kf6 32. e5+ Kxf5 33. Rh6 Re6 34. Rh5+ Kg6 35. Rg5+ Kh7 36. Rh1+ Rh6 37. Rxh6+ Kxh6 38. Ke4 Rd8 39. Rg2 Bb6 40. Bd6 Bc5 41. Rh2+ Kg7 42. Rg2+ Kh6 43. Rh2+ Kg7 44. Bxc5 d2 45. Rg2+ Kh7 46. Rh2+ Kg8 47. Rg2+ Kh7 48. Rh2+ Kg8 1/2-1/2

[Event "Bridgetown Heroes Day"]
[Site "Bridgetown"]
[Date "2010.05.02"]
[Round "10"]
[White "Warner, Delisle"]
[Black "Denny, Kevin"]
[Result "0-1"]
[WhiteElo "2216"]
[BlackElo "2351"]
[PlyCount "74"]
[EventDate "2010.04.28"]
[EventType "tourn"]
[EventRounds "10"]
[EventCountry "BAR"]
[EventCategory "2"]
[SourceTitle "CBM 136 Extra"]
[Source "ChessBase"]
[SourceDate "2010.07.02"]
[SourceVersion "2"]
[SourceVersionDate "2010.07.15"]
[SourceQuality "1"]

1. d4 Nf6 2. Nf3 g6 3. Bf4 Bg7 4. e3 d6 5. h3 0-0 6. Be2 b6 7. 0-0 Bb7 8. c4 e6 9. Nc3 Nbd7 10. b4 Ne4 11. Nxe4 Bxe4 12. Nd2 Bb7 13. Bf3 Bxf3 14. Nxf3 a5 15. b5 Qe7 16. Rc1 e5 17. Bh2 Rad8 18. Qb3 Kh8 19. Rfe1 f5 20. Rc2 g5 21. Rce2 Rg8 22. Qa3 Qf6 23. dxe5 dxe5 24. Rd1 e4 25. Nd4 Ne5 26. Bxe5 Qxe5 27. Red2 Bf8 28. Qb3 Bd6 29. f4 exf3 30. Nxf3 Qf6 31. Rd5 g4 32. hxg4 fxg4 33. Nd4 Bh2+ 34. Kxh2 Rxd5 35. cxd5 g3+ 36. Kg1 Qh4 37. Kf1 Rf8+ 0-1

[Event "Bridgetown Heroes Day"]
[Site "Bridgetown"]
[Date "2010.04.30"]
[Round "6"]
[White "Denny, Kevin"]
[Black "Rowe, Duane"]
[Result "1-0"]
[WhiteElo "2351"]
[BlackElo "2194"]
[PlyCount "50"]
[EventDate "2010.04.28"]
[EventType "tourn"]
[EventRounds "10"]
[EventCountry "BAR"]
[EventCategory "2"]
[SourceTitle "CBM 136 Extra"]
[Source "ChessBase"]
[SourceDate "2010.07.02"]
[SourceVersion "2"]
[SourceVersionDate "2010.07.15"]
[SourceQuality "1"]

1. e4 e5 2. Nf3 Nc6 3. Nc3 Nf6 4. Bb5 Nd4 5. 0-0 Nxb5 6. Nxb5 a6 7. Nc3 d6 8. d4 exd4 9. Qxd4 Be7 10. Bg5 Be6 11. Rad1 0-0 12. e5 Ne8 13. Bxe7 Qxe7 14. Qb4 b5 15. Rfe1 Rd8 16. Ne4 Rd7 17. exd6 cxd6 18. Nd4 d5 19. Nc5 Nc7 20. Nc6 Qd6 21. Nxd7 Qxd7 22. Ne7+ Kh8 23. Ng6+ fxg6 24. Qxf8+ Bg8 25. Re7 Ne6 1-0

[Event "Bridgetown Heroes Day"]
[Site "Bridgetown"]
[Date "2010.04.29"]
[Round "3"]
[White "Denny, Kevin"]
[Black "Zapata, Alonso"]
[Result "0-1"]
[WhiteElo "2351"]
[BlackElo "2523"]
[PlyCount "66"]
[EventDate "2010.04.28"]
[EventType "tourn"]
[EventRounds "10"]
[EventCountry "BAR"]
[EventCategory "2"]
[SourceTitle "CBM 136 Extra"]
[Source "ChessBase"]
[SourceDate "2010.07.02"]
[SourceVersion "2"]
[SourceVersionDate "2010.07.15"]
[SourceQuality "1"]

1. e4 c5 2. Nf3 e6 3. c3 Nf6 4. e5 Nd5 5. d4 cxd4 6. cxd4 d6 7. Bc4 Nc6 8. 0-0 Be7 9. a3 0-0 10. Re1 a6 11. Bd2 b5 12. Bd3 Qb6 13. Nc3 Nxc3 14. bxc3 dxe5 15. Nxe5 Nxe5 16. Rxe5 g6 17. Qf3 Bb7 18. Qh3 Rfd8 19. Qg4 Rd5 20. Rxd5 Bxd5 21. h4 h5 22. Qh3 Qc6 23. Re1 Rc8 24. Qg3 Qc7 25. Qh3 Kg7 26. Qe3 Bf6 27. Qh6+ Kg8 28. Re3 Bg7 29. Qg5 Qd8 30. Qf4 Qe7 31. Re1 Qxa3 32. g4 Rxc3 33. Qb8+ Kh7 0-1

[Event "Caribbean op"]
[Site "Port of Spain"]
[Date "2009.08.06"]
[Round "5"]
[White "Denny, Kevin"]
[Black "Winter Roach, Alex"]
[Result "1-0"]
[WhiteElo "2351"]
[BlackElo "2026"]
[PlyCount "119"]
[EventDate "2009.08.04"]
[EventType "swiss"]
[EventRounds "9"]
[EventCountry "TRI"]
[SourceTitle "EXT 2015"]
[Source "ChessBase"]
[SourceDate "2014.11.20"]
[SourceVersion "1"]
[SourceVersionDate "2014.11.20"]
[SourceQuality "1"]

1. e4 e5 2. Nf3 Nc6 3. Nc3 Nf6 4. Bb5 d6 5. d4 exd4 6. Nxd4 Bd7 7. Bxc6 bxc6 8. Qf3 Bg4 9. Qg3 Qd7 10. h3 c5 11. Nf3 Be6 12. Bg5 Be7 13. 0-0-0 Qc6 14. Rhe1 0-0 15. Nd5 Bxd5 16. exd5 Qd7 17. Nh4 Rfe8 18. Qf3 Ne4 19. Bxe7 Qxe7 20. Qg4 Qg5+ 21. Qxg5 Nxg5 22. Nf5 Kf8 23. Ng3 h6 24. Kd2 Rxe1 25. Rxe1 Rb8 26. b3 a5 27. Ne4 Rb4 28. c4 Nxe4+ 29. Rxe4 a4 30. Kc3 a3 31. Re1 f6 32. f4 Kf7 33. h4 h5 34. f5 Rb8 35. Re2 Rb4 36. Re3 Kf8 37. Kd2 Rb8 38. Ke2 Kf7 39. Kf3 g6 40. fxg6+ Kxg6 41. Re7 Rc8 42. Kf4 c6 43. dxc6 Rxc6 44. Rd7 Ra6 45. g4 hxg4 46. Kxg4 f5+ 47. Kf4 Kf6 48. h5 Ke6 49. Rh7 Ra8 50. Rh6+ Ke7 51. Rg6 Rf8 52. h6 Rh8 53. Kg5 f4 54. Kxf4 Rf8+ 55. Ke3 Re8 56. Kd3 Rh8 57. Ke4 Re8 58. Kd5 Rf8 59. Rg7+ Kf6 60. Ra7 1-0